000 00429nam a22001337a 4500
999 _c27300
_d27300
008 240105b ||||| |||| 00| 0 eng d
082 0 0 _a623.87
_bS7178
100 _9639
_aSothern, J. W. M.
245 1 0 _aVerbal notes and sketches for marine engineer officers : a manual of marine engineering practice. vol. I
260 _aGlasgow
_bJames Munro and Company
_c1971
300 _aH77 p
650 0 _aMarine Engineers
942 _cBK